|
|
|
|
| LEADER |
01040nam a2200325 a 4500 |
| 001 |
4650 |
| 003 |
BD-DhAAL |
| 005 |
20150628120125.0 |
| 008 |
150628s1995 enk 000 0 eng d |
| 020 |
|
|
|a 0582237475
|
| 020 |
|
|
|a 0582237505
|
| 020 |
|
|
|a 0582237513
|
| 020 |
|
|
|a 0582237491
|
| 020 |
|
|
|a 0582237483
|
| 035 |
|
|
|a 676033
|
| 040 |
|
|
|a ANL
|b eng
|c ANL
|d NUNE
|d BD-DhAAL
|
| 050 |
|
4 |
|a PE1628
|b .L58 1995
|
| 082 |
0 |
4 |
|a 423
|2 21
|
| 245 |
0 |
0 |
|a Longman dictionary of contemporary English.
|
| 246 |
3 |
|
|a Dictionary of contemporary English
|
| 250 |
|
|
|a 3rd ed.
|
| 260 |
|
|
|a Harlow, England :
|b Longman,
|c 1995.
|
| 300 |
|
|
|a xxii, 1668, B1-B18 p. :
|b ill ;
|c 22 cm.
|
| 500 |
|
|
|a Includes an voabulary notebook (64 p.).
|
| 541 |
|
|
|e 4650
|
| 650 |
|
0 |
|a English language
|x Dictionaries.
|9 12572
|
| 650 |
|
0 |
|a English language
|x Terms and phrases.
|9 12573
|
| 942 |
|
|
|2 ddc
|c BK
|
| 999 |
|
|
|c 34869
|d 34869
|
| 952 |
|
|
|0 0
|1 0
|2 ddc
|4 0
|6 423_000000000000000_LON
|7 0
|9 54577
|a SCL
|b SCL
|c GEN
|d 2015-06-28
|l 0
|o 423 LON
|p 3020004650
|r 2015-06-28
|t 1
|w 2015-06-28
|y BK
|